Statistiques concernant Reliez l'animateur à son émission TV

Cliquez ici pour prendre le quiz!

Statistiques générales

  • Ce quiz a été pris 1 802 fois
  • Le résultat moyen est 12 sur 15

Statistiques - réponses

HintRéponse% Correct
Stéphane PlazaRecherche appartement ou maison
97%
Denis BrogniartKoh-Lanta
96%
Cristina CórdulaLes Reines du shopping
94%
NaguiN'oubliez pas les paroles
94%
Karine Le MarchandL'amour est dans le pré
91%
Alain ChabatBurger Quiz
88%
Jean-Pierre FoucaultQui veut gagner des millions ?
83%
Benjamin CastaldiSecret Story
82%
Vincent Lagaf'Le Bigdil
81%
Samuel EtienneQuestion pour un champion
81%
Cyril FéraudSlam
81%
Stéphane RotenbergPékin Express
79%
Jacques MartinL’École des fans
77%
Thierry BeccaroMotus
65%
Jean-Luc ReichmannLes Z'amours
59%

Distribution des résultats

Percentile par nombre de réponses

% des personnes avec chaque résultat

Votre développement - résultats

Vous n’avez pas pris ce quiz